Geographic knowledge about Germany, Part One - Statistics

General Stats
  • This quiz has been taken 40 times
    33 since last reset
  • The average score is 54 of 104
Answer Stats
Federal States of Germany % Correct
Berlin
97%
Bremen
97%
Munich
97%
Bavaria
94%
Hamburg
91%
Stuttgart
84%
Dortmund
81%
Dresden
81%
Frankfurt
81%
Saxony
81%
Schleswig Holstein
81%
Düsseldorf
78%
Augsburg
75%
Brandenburg
75%
Leipzig
75%
Mecklenburg-Vorpommern
75%
Baden Württemberg
72%
Hanover
72%
Hesse
72%
Kiel
72%
Mainz
72%
Saarland
72%
Zugspitze (Highest Mountain of Germany: 2962 meter)
72%
Lower Saxony
69%
Cologne
66%
Erfurt
66%
Essen
66%
Northrhine-Westphalia
66%
Potsdam
66%
Rhineland-Palatinate
66%
Mannheim
63%
Saarbrücken
63%
Saxony-Anhalt
63%
Thuringia
63%
Wiesbaden
63%
Magdeburg
59%
Rostock
59%
Saarbrücken
59%
Black Forest
56%
Karlsruhe
56%
Bremerhaven
53%
Harz
53%
Jena
53%
Schwerin
53%
Cottbus
50%
Freiburg im Breisgau
50%
Halle
47%
Regensburg
47%
Chemnitz
44%
Darmstadt
44%
Kassel
44%
Lübeck
44%
Brocken
38%
Koblenz
38%
Trier
38%
Eifel
34%
Würzburg
34%
Erzgebirge (Gebirge=German Word for Mountainrange)
31%
Feldberg (Berg = German Word for Mountain)
31%
Oldenburg
31%
Osnabrück
31%
Hunsrueck
28%
Bavarian Forest
25%
Ludwigshafen
25%
Fichtelberg
22%
Taunus
22%
Wasserkuppe
22%
Brunswick
19%
Fichtelgebirge
13%
Großer Beerberg
9%
Rhoen
9%
Wurmberg
9%
Bungsberg
6%
Erbeskopf
6%
Hasselbrack
6%
Langenberg
6%
Arkenberge (Landfill)
3%
Dollberg
3%
Helpter Berg
3%
Rothaargebirge
3%
Upper Palatine Forest
3%
Blockland (Landfill)
0%
Elbe Sandstone Mountains
0%
Elstergebirge
0%
Heidehöhe
0%
Swabian Alps
0%
Thuringian Forrest
0%
No matching quizzes found
Score Distribution
Percent of People with Each Score
Percentile by Number Answered
Your Score History
You have not taken this quiz since the last reset